[Event "Premia de Mar 4th"]
[Site "Premia de Mar"]
[Date "2017.10.06"]
[Round "1.3"]
[White "Ferrer Lluch, Antoni"]
[Black "Ferre Navarro, Joan"]
[Result "0-1"]
[WhiteElo "1893"]
[BlackElo "1581"]
[PlyCount "112"]
[EventDate "2017.10.06"]
[EventType "tourn"]
[EventRounds "9"]
[EventCountry "ESP"]
[SourceTitle "EXT 2024"]
[Source "ChessBase"]
[SourceDate "2023.10.10"]
[SourceVersion "1"]
[SourceVersionDate "2023.10.10"]
[SourceQuality "1"]

1. Nf3 g6 2. d4 Bg7 3. e3 d6 4. b3 Nf6 5. Nbd2 Nbd7 6. Bb2 c5 7. c4 cxd4 8. exd4 0-0 9. Bd3 Re8 10. 0-0 b6 11. Re1 Bb7 12. d5 Nc5 13. Bc2 b5 14. cxb5 Bxd5 15. b4 Ncd7 16. a4 Qb6 17. Bd4 Qb7 18. Ra3 e5 19. Ba1 Qb6 20. Bb3 Bxb3 21. Rxb3 e4 22. Nc4 Qc7 23. Nfd2 d5 24. Na5 Ne5 25. Bxe5 Qxe5 26. Nc6 Qf4 27. h3 Nd7 28. Nf1 Qd6 29. Nd2 Ne5 30. Nxe4 Qc7 31. Qxd5 Nxc6 32. bxc6 Rad8 33. Qc4 Re6 34. Rbb1 Rxc6 35. Qb3 Qf4 36. Re2 Be5 37. g3 Qf5 38. Rbe1 h6 39. Kg2 Rdc8 40. Re3 Bd4 41. Rf3 Qe6 42. Qb1 Kg7 43. Rd3 Qd5 44. Kg1 Rc2 45. Qd1 Rc1 46. Qe2 Rxe1+ 47. Qxe1 Rd8 48. Nc5 Qc4 49. Qd2 a5 50. Kh2 Qxb4 51. Qc2 Rd5 52. Nb3 Qxa4 53. Rxd4 Rxd4 54. Nxd4 Qxd4 55. Qa2 a4 56. Kg2 Qb4 0-1

[Event "Maresme-ch 7th"]
[Site "Mataro"]
[Date "2015.10.31"]
[Round "5"]
[White "Franch Guiral, Ramon"]
[Black "Ferrer Lluch, Antoni"]
[Result "0-1"]
[WhiteElo "2150"]
[BlackElo "2060"]
[PlyCount "122"]
[EventDate "2015.10.03"]
[EventType "swiss"]
[EventRounds "9"]
[EventCountry "ESP"]
[SourceTitle "CBM 170 Extra"]
[Source "ChessBase"]
[SourceDate "2016.02.25"]
[SourceVersion "1"]
[SourceVersionDate "2016.02.25"]
[SourceQuality "1"]

1. e4 c6 2. g3 d5 3. e5 Bf5 4. Bg2 h6 5. Ne2 e6 6. 0-0 c5 7. d4 Nc6 8. c3 c4 9. b4 cxb3 10. axb3 Nge7 11. Ba3 Ng6 12. Bxf8 Nxf8 13. Na3 a6 14. Nc2 Bxc2 15. Qxc2 Rc8 16. Qa2 Nd7 17. Qa3 Qe7 18. f4 g6 19. Rfc1 Qxa3 20. Rxa3 0-0 21. c4 Nb6 22. c5 Na8 23. Rd1 Nc7 24. Nc3 f6 25. exf6 Rxf6 26. Ra2 Rcf8 27. Re2 g5 28. fxg5 hxg5 29. Red2 Kg7 30. Rb1 a5 31. Bf1 Rf3 32. Na4 Re3 33. Nb6 Rff3 34. Nc8 Rxb3 35. Rbd1 a4 36. Ra2 a3 37. Kg2 Rfc3 38. Rdd2 Rb4 39. Nd6 Nxd4 40. Rf2 Nf5 41. Nxf5+ exf5 42. Rxf5 Rb2+ 43. Rf2 Rxa2 44. Rxa2 Ne6 45. Kh3 d4 46. Kg4 Kg6 47. Bb5 Nxc5 48. Rf2 Re3 49. Bc4 Re4+ 50. Kf3 g4+ 51. Kg2 d3 52. Bf7+ Kg5 53. h4+ gxh3+ 54. Kxh3 Re2 55. Rf4 a2 56. Bxa2 Rxa2 57. Rd4 Rc2 58. Rd5+ Kg6 59. g4 d2 60. Rd6+ Kg7 61. g5 Rc3+ 0-1